Best Starting Soccer Lineup In History - Statistics

General Stats
  • This quiz has been taken 213 times
  • The average score is 8 of 11
Answer Stats
Hint Answer % Correct
ST Cristiano Ronaldo
97%
RW Messi
97%
ST Ronaldo Nazário
95%
CB Maldini
84%
LB Roberto Carlos
79%
GK Yashin
72%
CAM Pelé
70%
LW Neymar Jr
69%
CAM Maradona
68%
RB Cafu
67%
CB Van Dijk
31%
No matching quizzes found
Score Distribution
Percent of People with Each Score
Percentile by Number Answered
Your Score History
You have not taken this quiz